Využitie benchmarkingu ako nástroja hospodárskeho rastu

Výklad pojmu benchmarking. Výhoda benchmarkingu. Rozdiel medzi benchmarkingom a konkurenčnou analýzou. Vznik Slovenského informačného centra benchmarkingu pri Ministerstve hospodárstva SR, ktoré má za účel šíriť metodiku a filozofiu benchmarkingu.

Guardado en:
Detalles Bibliográficos
Autor principal: Harach, Ľubomír
Formato: Capítulo de libro
Lenguaje:eslovaco
Materias:
Etiquetas: Agregar Etiqueta
Sin Etiquetas, Sea el primero en etiquetar este registro!

MARC

LEADER 00000naa a2200000 4500
001 r040541
005 20231002120908.1
041 0 |a slo 
044 |a SK 
245 1 0 |a Využitie benchmarkingu ako nástroja hospodárskeho rastu  |c Ľubomír Harach 
520 |a Výklad pojmu benchmarking. Výhoda benchmarkingu. Rozdiel medzi benchmarkingom a konkurenčnou analýzou. Vznik Slovenského informačného centra benchmarkingu pri Ministerstve hospodárstva SR, ktoré má za účel šíriť metodiku a filozofiu benchmarkingu. 
610 2 0 |a benchmarking 
610 2 0 |a pojmy 
610 2 0 |a podnik 
610 2 0 |a výkonnosť 
610 2 0 |a postupy pracovné 
610 2 0 |a konkurencia 
610 2 0 |a analýzy 
610 2 0 |a proces pracovný 
100 1 |a Harach, Ľubomír